000 01171cam a2200325 i 4500
001 25315
003 Mx-PuUPA
005 20250825110254.0
008 140415s2019 mau fr 000 0 eng d
020 _a9780674240940
_qempastado
040 _aMx-PuUPA
_bspa
_cMx-PuUPA
_dMx-PuUPA
_erda
041 0 _aeng
100 1 _aNelson, Eric,
_d1977-
_eautor
_917376
245 1 4 _aThe theology of liberalism :
_bpolitical philosophy and the justice of god /
_cEric Nelson
250 _aFirst printing
264 1 _aCambridge, Massachusets :
_bThe Belknap Press of Harvard University Press,
_c©2019
300 _axii, 218 páginas ;
_c24 cm
336 _2rdacontent
_atexto
_btxt
337 _2rdamedia
_asin medio
_bn
338 _2rdacarrier
_avolumen
_bnc
650 7 _2armarc
_913986
_aLiberalismo
_xAspectos religiosos
_xCristianismo
650 7 _2armarc
_aLiberalismo
650 7 _2armarc
_aReligión y política
650 7 _2armarc
_aPelagianismo
942 _2ddc
_cLI
_h261.7
_iN63
999 _c25315
_d25315